Scorpions - Still Loving You - Lyrics - Statistics

General Stats
  • This quiz has been taken 243 times
  • The average score is 59 of 78
Answer Stats
Answer % Correct
I
99%
You
98%
You've
98%
A
97%
Love
96%
To
95%
Loving
94%
The
94%
Again
91%
Be
91%
Time
91%
Your
91%
It
90%
Still
90%
Will
90%
There
88%
Back
87%
Can
87%
I'm
87%
So
87%
We'd
87%
Is
85%
All
83%
From
83%
Go
83%
Me
83%
That
83%
Try
83%
Win
82%
Bring
81%
Babe
80%
Baby
80%
Change
80%
Need
80%
Needs
80%
Start
80%
Things
79%
Our
78%
Can't
77%
Only
77%
Way
77%
No
76%
If
75%
Through
75%
Chance
74%
Get
74%
Once
74%
Really
74%
Strong
74%
Killed
72%
Someday
72%
Wall
69%
Would
69%
Just
67%
And
65%
Pride
65%
In
64%
Give
63%
Has
63%
This
63%
Built
62%
End
62%
My
61%
I'll
60%
Should
60%
Shouldn't
60%
Fight
58%
Down
55%
Been
54%
Away
53%
Trust
53%
Break
50%
I've
50%
Yes
50%
Hurt
48%
Know
48%
What
48%
Thrown
47%
No matching quizzes found
Score Distribution
Percent of People with Each Score
Percentile by Number Answered
Your Score History
You have not taken this quiz